000 00527 a2200157 4500
020 _a8172248334 (paperback)
020 _a9788172248338 (paperback)
090 _c5464
_d5464
100 1 _aMohanty, R.P.
245 1 0 _aHandbook of total quality management /
_cR.P. Mohanty, R.R. Lakhe.
260 _a[S.l.] :
_bJaico Publishing House,
_c2006.
300 _a252 p. ;
_c25 cm.
700 1 _aLakhe, R.R.
856 4 0 _3Amazon.com
_uhttp://www.amazon.com/exec/obidos/ASIN/8172248334/chopaconline-20
942 _aNBS
_cBK
_k658.4013 MOH
999 _c347871
_d347871